000 00791cam a2200253 a 4500
008
020 _a0521499062 (pbk.)
049 _aMAIN
090 _aTS158.6
100 1 _aDick, Samuel.
245 1 0 _aMathematica in the laboratory /
_cSamuel Dick, Alfred Riddle, Douglas Stein.
260 _aCambridge :
_bCambridge University Press,
_c1997.
300 _axviii, 320 p. :
_bill. ;
_c26 cm.
500 _aIncludes index.
504 _aIncludes bibliographical references.
650 0 _aAutomatic data collection systems
_xComputer programs.
700 1 _aRiddle, Alfred.
700 1 _aStein, Douglas.
907 _a.b10018153
_b08-09-05
_c17-04-03
003
005 20230123133133.0
040 _cNUST
942 _cBOOKS
_kTS158.6
999 _c143369
_d143369